LIBRARY & INFORMATION CENTRE, KCAET, TAVANUR

ONLINE PUBLIC ACCESS CATALOGUE (OPAC)

An Introduction to Intellectual Property Rights (Record no. 17413)

MARC details
000 -LEADER
fixed length control field 00392nam a22001457a 4500
003 - CONTROL NUMBER IDENTIFIER
control field OSt
008 - FIXED-LENGTH DATA ELEMENTS--GENERAL INFORMATION
fixed length control field 210913b ||||| |||| 00| 0 eng d
020 ## - INTERNATIONAL STANDARD BOOK NUMBER
ISBN 9789383305124
082 ## - DEWEY DECIMAL CLASSIFICATION NUMBER
Classification number 346.54048
Item number PAT/IN
100 ## - MAIN ENTRY--AUTHOR NAME
Personal name Pathak ,manju
245 ## - TITLE STATEMENT
Title An Introduction to Intellectual Property Rights
260 ## - PUBLICATION, DISTRIBUTION, ETC. (IMPRINT)
Place of publication New Delhi
Name of publisher New IndiaPublishing Agency
Year of publication 2014
300 ## - PHYSICAL DESCRIPTION
Number of Pages 85 pages
942 ## - ADDED ENTRY ELEMENTS (KOHA)
Koha item type Books
Holdings
Withdrawn status Lost status Damaged status Home library Current library Shelving location Date acquired Cost, normal purchase price Full call number Accession Number Koha item type
      KAUAET KAUAET NAHEP-CAAST Project 07/09/2021 990.00 346.54048 PAT/IN 25997 Books
free website counter